00543nam a22002057a 4500003000500000005001700005008004100022010001000063011001000073035001000083040000900093082001400102100001900116245003300135260004100168300002000209490004100229650002600270830004100296CHAP20220329135539.0971013s1970 r 00010 d a38294 a39266 a43386 cCHAP a551.4bP400aPecsi, Marton. aProblems of relief planation aBudapest :bAkademiai Kiadó,c1970 a151 p.b: ilus. aStudies in geography of Hungaryv; 814aGeografía física.0 aStudies in geography of Hungaryv; 8